Những kẻ điên rồ phải chết = Fools die

Guardat en:
Dades bibliogràfiques
Autor principal: Mario Puzo
Format: Llibre
Idioma:Undetermined
Publicat: Cà Mau Mũi Cà Mau 2002
Matèries:
Etiquetes: Afegir etiqueta
Sense etiquetes, Sigues el primer a etiquetar aquest registre!
Thư viện lưu trữ: Trung tâm Học liệu Trường Đại học Cần Thơ
LEADER 00569nam a2200205Ia 4500
001 CTU_56686
008 210402s9999 xx 000 0 und d
020 |b 48000 
082 |a 813.5 
082 |b P994/T2 
100 |a Mario Puzo 
245 0 |a Những kẻ điên rồ phải chết = 
245 0 |b Fools die 
245 0 |c Mario Puzo; Phan Quang Định biên dịch 
260 |a Cà Mau 
260 |b Mũi Cà Mau 
260 |c 2002 
650 |a american fiction 
650 |y 20th century 
980 |a Trung tâm Học liệu Trường Đại học Cần Thơ